000 00710nam a22002897a 4500
001 BR7401247
003 BR-BrBNA
005 20230928084554.0
007 ta
008 230509b bl.||||| |||| 00| 0 por d
040 _aBR-BrBNA
_bpor
_cBiblioteca Nacional de Agricultura
041 _a(Por)
072 _aF00; H20; E70
_b0180
090 _ 0180 BR7401247
100 1 _aPrunes, L.M.
245 1 _aO trigo [Cultura; Producao]
260 3 _aPorto Alegre, RS (Brasil):
_c1939.
300 _a187 p.
500 _a22 ref.
650 _aTRIGO
650 _aCONSUMO
650 _aPRATICA CULTURAL
650 _aRENDIMENTO
650 _aPRECO
909 _a202309
_bLucia
_c55
_dLucia Elande
942 _cBK
999 _c19834
_d19834